00452nam a2200109Ia 4500008004100000050002200041100002900063245010400092260008600196300003300282521002700315140724s9999 xx 000 0 und d aQA 76b.P676 2009 aPiscoso, Martin Louie G. aApartment rental system application software for Mrs. Carmen G. Gabriel /cMartin Louie G. Piscoso. aLas Piñas, Philippines :bSouthville International School and Colleges,cc2009. a70 p. :bcol. Ill. ;c28 cm. aInformation Technology